Historias barcelonesas / (Record no. 171611)

MARC details
000 -LEADER
campo de control de longitud fija 00492nam a22001815i 4500
001 - NÚMERO DE CONTROL
campo de control 171611
003 - IDENTIFICADOR DE NÚMERO DE CONTROL
campo de control ES-MaACL
005 - FECHA Y HORA DE LA ÚLTIMA TRANSACCIÓN
campo de control 20230906214657.0
008 - DATOS DE LONGITUD FIJA--INFORMACIÓN GENERAL
campo de control de longitud fija 090522s1946 sp |||| | spa d
100 1# - ENTRADA PRINCIPAL--NOMBRE DE PERSONA
Nombre de persona Soldevila, Carles.
9 (RLIN) 107110
245 10 - MENCIÓN DEL TÍTULO
Título Historias barcelonesas /
Mención de responsabilidad, etc. Carlos Soldevila.
260 ## - PUBLICACIÓN, DISTRIBUCIÓN, ETC.
Lugar de publicación, distribución, etc. [Barcelona] :
Nombre del editor, distribuidor, etc. Delfos,
Fecha de publicación, distribución, etc. 1946.
300 ## - DESCRIPCIÓN FÍSICA
Extensión 188 p. ;
Dimensiones 18 cm.
490 1# - MENCIÓN DE SERIE
Mención de serie Delfos
830 0# - PUNTO DE ACCESO ADICIONAL DE SERIE-TÍTULO UNIFORME
Título uniforme Delfos
9 (RLIN) 223189
852 ## - LOCALIZACIÓN
Ubicación ES-MaACL
Número de control de estantería B-10488
itemnumber R.22341
Holdings
Estatus retirado Estado de pérdida Estado de daño No para préstamo Biblioteca de origen Biblioteca actual Ubicación en estantería Fecha de adquisición Fuente de adquisición Total de préstamos Signatura topográfica completa Código de barras Visto por última vez Precio de reemplazo Tipo de ítem Koha
        Biblioteca del Ateneo de Madrid Biblioteca del Ateneo de Madrid Sala Pardo Bazán 22/05/2009     B-10488 1180096 23/02/2023 23/02/2023 Libro impreso